000 00676nac a22002051u 4500
020 _a818431289X
082 _a629.8
_bBAK
090 _c8289
_d8289
100 _a20080729
245 _aControl systems/
_cU. A. Bakshi and V. U. Bakshi
250 _a5th ed.
260 _aPune, India:
_bTechnical publications,2003
_c2003
300 _a1v.:
_bill.;
_c23 cm.
500 _adistributer: Al-Ahram
511 _acatalogued by: wessam
650 _aAutomatic control
700 _aBakshi V. A.
942 _cBB
_k629.8BAK
999 _c8289
_d8289